9.V Fødselsdage - Statistics

General Stats
  • This quiz has been taken 8 times
  • The average score is 5 of 26
Answer Stats
fødselsdag Answer % Correct
25.01 Christian
75%
28.01 Alberte
25%
05.05 Anna
25%
16.05 Charlie
25%
16.05 Clara
25%
20.06 gustav
25%
27.06 Ida
25%
02.02 Ida-Rose
25%
23.08 Liv
25%
20.03 Shahmeer
25%
26.07 Storm W
25%
02.11 Victor
25%
10.08 Benjamin
13%
07.07 Christoffer
13%
20.02 Daniels
13%
05.04 Emre
13%
04.09 India
13%
07.09 Johan
13%
30.05 Johanne
13%
24.07 Jonas
13%
29.05 Liva
13%
16.12 Noah
13%
19.07 Serwan
13%
30.08 Sonja
13%
08.05 Storm H
13%
03.12 Vega
13%
No matching quizzes found
Score Distribution
Percent of People with Each Score
Percentile by Number Answered
Your Score History
You have not taken this quiz